00411nam a2200145Ia 4500008004100000020001800041041000800059082001700067100004200084245005700126250000700183260005000190300001200240650001300252210716s2012 xx 000 0 und d a9789350711262 aeng a336.242 SINV aSinghania, Vinod K;Singhania, Monica. aStudents guide to income tax: including service tax. a48 aNew DelhibTaxmann Publications Pvt Ltdc2012 axv,1038 aTaxation